| 000 | 00561nam a2200193 a 4500 | ||
|---|---|---|---|
| 005 | 20140310183542.0 | ||
| 008 | 110820s19uu xx 00 eng d | ||
| 020 | _a9780199547937 | ||
| 050 |
_aPE 1580 _b.Ox96 2010 |
||
| 100 | _a Cresswell, Julia | ||
| 245 |
_aOxford dictionary of word origin / _cedited by Julia Cresswell. |
||
| 250 | _a2nd ed. | ||
| 260 |
_aNew York : _bOxford University Press, _c2010. |
||
| 300 |
_a502 p. : _c20 cm. |
||
| 650 |
_aEnglish language _xEtymology _xDictionaries |
||
| 942 |
_cBK _2lcc |
||
| 999 |
_c24815 _d24815 |
||